[Event "St Petersburg Amir Cup Blitz"]
[Site "St Petersburg"]
[Date "2021.05.23"]
[Round "2"]
[White "Vasiliev, Georgiy"]
[Black "Makhmudov, Riyad"]
[Result "1-0"]
[WhiteElo "2195"]
[BlackElo "1699"]
[PlyCount "63"]
[EventDate "2021.05.23"]
[EventType "swiss (blitz)"]
[EventRounds "11"]
[EventCountry "RUS"]
[SourceTitle "CBM 202 Extra"]
[Source "ChessBase"]
[SourceDate "2021.07.31"]
[SourceVersion "1"]
[SourceVersionDate "2021.07.31"]
[SourceQuality "1"]

1. c4 Nf6 2. Nc3 c5 3. g3 g6 4. Bg2 Bg7 5. e3 0-0 6. Nge2 e5 7. 0-0 Nc6 8. d4 cxd4 9. exd4 d6 10. dxe5 dxe5 11. Nd5 Nxd5 12. cxd5 Nd4 13. Be3 Qb6 14. Qd2 Bd7 15. Rfd1 Bg4 16. f3 Bxf3 17. Bxd4 exd4 18. Bxf3 d3+ 19. Kg2 dxe2 20. Re1 Qxb2 21. Qxb2 Bxb2 22. Rab1 Bc3 23. Rxe2 b6 24. Rc1 Bd4 25. Rc7 Rac8 26. Rxa7 Rc1 27. d6 Rg1+ 28. Kh3 Rd1 29. d7 Kg7 30. Re8 Rd3 31. Rxf8 Bc5 32. d8Q 1-0

[Event "EU-ch blitz"]
[Site "Tallinn"]
[Date "2019.12.07"]
[Round "19"]
[White "Dragicevic, Drazen"]
[Black "Vasiliev, Georgiy"]
[Result "0-1"]
[WhiteElo "2300"]
[BlackElo "2126"]
[PlyCount "92"]
[EventDate "2019.12.07"]
[EventType "swiss (blitz)"]
[EventRounds "22"]
[EventCountry "EST"]
[SourceTitle "CBM 193 Extra"]
[Source "ChessBase"]
[SourceDate "2020.01.31"]
[SourceVersion "1"]
[SourceVersionDate "2020.01.31"]
[SourceQuality "1"]

1. Nf3 Nf6 2. g3 d5 3. Bg2 Bg4 4. 0-0 e6 5. d3 Nbd7 6. Nbd2 Be7 7. h3 Bh5 8. c4 c6 9. a3 0-0 10. Rb1 a5 11. b4 axb4 12. axb4 b5 13. cxb5 cxb5 14. Nb3 Bxb4 15. Nbd4 Bc5 16. Rxb5 Ne8 17. g4 Bg6 18. Qc2 Rc8 19. Qa4 Nd6 20. Rb1 Qe7 21. Bd2 e5 22. Nb3 f5 23. Nxc5 Nxc5 24. Qa3 fxg4 25. hxg4 e4 26. Nd4 exd3 27. exd3 Bxd3 28. Rfe1 Qf6 29. Rb4 Qxf2+ 30. Kh1 Qh4+ 31. Kg1 Qf2+ 32. Kh1 Qxd2 33. Bxd5+ Kh8 34. Qa1 Qxb4 35. Rc1 Be4+ 36. Bxe4 Ncxe4 37. Ne6 Rxc1+ 38. Qxc1 Rg8 39. Qf4 Qd2 40. Qe5 Qe1+ 41. Kg2 Qf2+ 42. Kh3 Qf3+ 43. Kh2 Nf7 44. Qd4 Nfg5 45. Nxg7 Qf2+ 46. Qxf2 Nxf2 0-1

[Event "EU-ch blitz"]
[Site "Tallinn"]
[Date "2019.12.07"]
[Round "5"]
[White "Shubin, Kirill"]
[Black "Vasiliev, Georgiy"]
[Result "1-0"]
[WhiteElo "2401"]
[BlackElo "2126"]
[PlyCount "111"]
[EventDate "2019.12.07"]
[EventType "swiss (blitz)"]
[EventRounds "22"]
[EventCountry "EST"]
[SourceTitle "CBM 193 Extra"]
[Source "ChessBase"]
[SourceDate "2020.01.31"]
[SourceVersion "1"]
[SourceVersionDate "2020.01.31"]
[SourceQuality "1"]

1. e4 c6 2. d4 Na6 3. Nf3 g6 4. Nc3 Nc7 5. Be3 d5 6. e5 Nh6 7. Bd3 Nf5 8. Bxf5 Bxf5 9. Qd2 h5 10. Ne2 Qd7 11. Ng3 Bg4 12. h4 Bxf3 13. gxf3 Ne6 14. f4 Ng7 15. 0-0-0 Nf5 16. Nxf5 Qxf5 17. Qb4 Qd7 18. e6 fxe6 19. Rhg1 Kf7 20. Rg2 Bh6 21. Rdg1 Rhg8 22. Kb1 Qd6 23. Qd2 Bf8 24. Qd3 e5 25. fxe5 Qe6 26. f4 Bh6 27. f5 gxf5 28. Bxh6 Rg4 29. Bg5 a5 30. a3 Rg8 31. Rxg4 hxg4 32. Rf1 Kg6 33. Rf4 c5 34. c3 cxd4 35. cxd4 Rf8 36. Rxg4 Kh5 37. Rf4 Qc8 38. Qf3+ Kg6 39. Bxe7 Re8 40. h5+ Kh7 41. Bd6 Rg8 42. Qd3 Rg1+ 43. Ka2 Rg5 44. Qc3 Qg8 45. Qc7+ Rg7 46. Qc2 Rg2 47. Qxf5+ Kh8 48. Qf6+ Kh7 49. Qf7+ Rg7 50. Qxg8+ Kxg8 51. e6 Rg5 52. e7 Re5 53. dxe5 b5 54. e8Q+ Kg7 55. Qg6+ Kh8 56. Rf8# 1-0

[Event "EU-ch blitz"]
[Site "Tallinn"]
[Date "2019.12.07"]
[Round "6"]
[White "Vasiliev, Georgiy"]
[Black "Shubin, Kirill"]
[Result "1-0"]
[WhiteElo "2126"]
[BlackElo "2401"]
[PlyCount "81"]
[EventDate "2019.12.07"]
[EventType "swiss (blitz)"]
[EventRounds "22"]
[EventCountry "EST"]
[SourceTitle "CBM 193 Extra"]
[Source "ChessBase"]
[SourceDate "2020.01.31"]
[SourceVersion "1"]
[SourceVersionDate "2020.01.31"]
[SourceQuality "1"]

1. c4 e5 2. Nc3 Nc6 3. Nf3 Nf6 4. e3 Bb4 5. Qc2 0-0 6. Nd5 Re8 7. Qf5 d6 8. Nxf6+ Qxf6 9. Qxf6 gxf6 10. a3 Bc5 11. b4 Bb6 12. Bb2 a5 13. b5 Ne7 14. 0-0-0 a4 15. d4 Bg4 16. Be2 Rac8 17. h3 Bh5 18. g4 Bg6 19. Nh4 Be4 20. f3 Bg6 21. Nxg6 Nxg6 22. Bd3 c6 23. Bf5 Rc7 24. bxc6 bxc6 25. Rhe1 Nh4 26. dxe5 dxe5 27. Be4 Ng2 28. Re2 Nxe3 29. Rd6 Nxc4 30. Rxf6 Nxb2 31. Kxb2 Bd4+ 32. Kc1 c5 33. Bc6 Rec8 34. Bxa4 e4 35. Rf5 e3 36. Bb3 c4 37. Bc2 Rd8 38. Rg5+ Kf8 39. Bxh7 Bc3 40. Rg8+ Ke7 41. Rxe3+ 1-0

[Event "Chigorin Memorial 27th"]
[Site "St Petersburg"]
[Date "2019.10.06"]
[Round "2"]
[White "Soloviev, Mikhail2222"]
[Black "Vasiliev, Georgiy"]
[Result "0-1"]
[WhiteElo "1704"]
[BlackElo "2172"]
[PlyCount "98"]
[EventDate "2019.10.05"]
[EventType "swiss"]
[EventRounds "9"]
[EventCountry "RUS"]
[SourceTitle "EXT 2020"]
[Source "ChessBase"]
[SourceDate "2019.10.17"]
[SourceVersion "1"]
[SourceVersionDate "2019.10.17"]
[SourceQuality "1"]

1. d4 d5 2. Nf3 Nf6 3. e3 Bf5 4. Bd3 Bxd3 5. Qxd3 c6 6. Nbd2 e6 7. c3 Nbd7 8. 0-0 Bd6 9. e4 dxe4 10. Nxe4 Nxe4 11. Qxe4 Qc7 12. Re1 0-0 13. Bg5 a5 14. Rad1 a4 15. a3 Rfe8 16. Ne5 Nf8 17. Bf4 Rad8 18. h3 b6 19. Qf3 Rc8 20. Rd2 Red8 21. Red1 f6 22. Nd3 Ng6 23. Bxd6 Qxd6 24. Nb4 Rd7 25. Qe2 b5 26. Qe4 Re7 27. Qf3 Nf8 28. Nd3 Nd7 29. Qg4 Nb6 30. Nc5 Kh8 31. Ne4 Qd5 32. Nc5 Rce8 33. Nd3 Nc4 34. Nb4 Qd6 35. Rc2 Rd8 36. Qf3 Ne5 37. dxe5 Qxd1+ 38. Qxd1 Rxd1+ 39. Kh2 c5 40. Na6 c4 41. Re2 f5 42. g4 g6 43. Nb4 Red7 44. gxf5 gxf5 45. Kg3 R7d2 46. Re3 Rxb2 47. f4 Rg1+ 48. Kh4 Rf2 49. Rg3 Rxf4+ 0-1

[Event "Molodezhnoe"]
[Site "Molodezhnoe"]
[Date "2019.07.26"]
[Round "7"]
[White "Vasiliev, Georgiy"]
[Black "Ismagilov, Damir"]
[Result "1/2-1/2"]
[WhiteElo "2251"]
[BlackElo "2181"]
[PlyCount "39"]
[EventDate "2019.07.20"]
[EventType "tourn"]
[EventRounds "9"]
[EventCountry "RUS"]
[EventCategory "2"]
[SourceTitle "CBM 191 Extra"]
[Source "ChessBase"]
[SourceDate "2019.09.30"]
[SourceVersion "1"]
[SourceVersionDate "2019.09.30"]
[SourceQuality "1"]

1. d4 e6 2. c4 d5 3. Nf3 c6 4. Nbd2 Nf6 5. g3 Nbd7 6. Bg2 b6 7. 0-0 Bb7 8. Qc2 c5 9. b3 Be7 10. Bb2 0-0 11. cxd5 Nxd5 12. dxc5 Nxc5 13. e4 Nb4 14. Qc3 Bf6 15. e5 Nd5 16. Qd4 Be7 17. Rfd1 b5 18. Rac1 Qb6 19. Bf1 Rfd8 20. Qg4 1/2-1/2

[Event "Molodezhnoe"]
[Site "Molodezhnoe"]
[Date "2019.07.23"]
[Round "4"]
[White "Siagodnik, Anton"]
[Black "Vasiliev, Georgiy"]
[Result "1/2-1/2"]
[WhiteElo "2261"]
[BlackElo "2251"]
[PlyCount "84"]
[EventDate "2019.07.20"]
[EventType "tourn"]
[EventRounds "9"]
[EventCountry "RUS"]
[EventCategory "2"]
[SourceTitle "CBM 191 Extra"]
[Source "ChessBase"]
[SourceDate "2019.09.30"]
[SourceVersion "1"]
[SourceVersionDate "2019.09.30"]
[SourceQuality "1"]

1. d4 d5 2. Nf3 Nf6 3. g3 c6 4. Bg2 Bg4 5. 0-0 e6 6. c4 Be7 7. Nc3 0-0 8. b3 Nbd7 9. Bb2 Bh5 10. e3 Ne4 11. Ne2 Qa5 12. Kh1 g5 13. Qc2 f5 14. Ne5 Nxe5 15. dxe5 Qd2 16. Bxe4 Qxe2 17. Rfe1 Qxc2 18. Bxc2 dxc4 19. bxc4 Bb4 20. Reb1 Bf3+ 21. Kg1 Rfd8 22. a3 Ba5 23. c5 Rd2 24. Bb3 Kf7 25. Bd4 h5 26. Bd1 Bxd1 27. Rxd1 Rxd1+ 28. Rxd1 g4 29. Rb1 Rb8 30. f3 b5 31. cxb6 axb6 32. Rb2 Ke7 33. Kf2 Kd7 34. e4 fxe4 35. fxg4 Rf8+ 36. Ke3 c5 37. gxh5 cxd4+ 38. Kxe4 Ke7 39. g4 Rd8 40. Kd3 Rd5 41. Re2 Kf7 42. g5 Kg7 1/2-1/2

[Event "Molodezhnoe"]
[Site "Molodezhnoe"]
[Date "2019.07.22"]
[Round "3"]
[White "Vasiliev, Georgiy"]
[Black "Egorov, Evgeni"]
[Result "1/2-1/2"]
[WhiteElo "2251"]
[BlackElo "2345"]
[PlyCount "128"]
[EventDate "2019.07.20"]
[EventType "tourn"]
[EventRounds "9"]
[EventCountry "RUS"]
[EventCategory "2"]
[SourceTitle "CBM 191 Extra"]
[Source "ChessBase"]
[SourceDate "2019.09.30"]
[SourceVersion "1"]
[SourceVersionDate "2019.09.30"]
[SourceQuality "1"]

1. d4 Nf6 2. Nf3 c5 3. c4 cxd4 4. Nxd4 Nc6 5. g3 h5 6. h4 Ne5 7. Qb3 Qc7 8. Bg2 Qxc4 9. Qxc4 Nxc4 10. Nb5 Kd8 11. b3 a6 12. bxc4 axb5 13. cxb5 e6 14. 0-0 d5 15. Rd1 Bd7 16. Nc3 Bb4 17. Bb2 Ke7 18. a4 Rhc8 19. Rd3 Rc4 20. Ba3 Bxa3 21. Rxa3 Ra5 22. e3 Ne8 23. Bf3 g6 24. Ra2 Nc7 25. Rad2 Be8 26. Bd1 Na8 27. Bb3 Rc8 28. f4 Nb6 29. Kf2 Nd7 30. Rb2 b6 31. Kf3 Ra7 32. Ne2 Nc5 33. Rc3 Rca8 34. Bd1 Nxa4 35. Bxa4 Rxa4 36. Rc7+ Kd6 37. Rb7 Ra2 38. Rb1 Ra1 39. Rb3 R8a2 40. Rxb6+ Kc5 41. Ra6 Rxa6 42. bxa6 Bb5 43. Nd4 Bxa6 44. Rb8 Ra2 45. g4 Bd3 46. gxh5 gxh5 47. Rb7 Be4+ 48. Kg3 Bg6 49. Nf3 Re2 50. Rb3 Be4 51. Ne5 f6 52. Nf3 Kc4 53. Ra3 Kb4 54. Rb3+ Kc4 55. Ra3 Rb2 56. Nd4 Rg2+ 57. Kh3 Rb2 58. Kg3 Rb6 59. Nf3 Bxf3 60. Kxf3 Rb3 61. Ra4+ Kd3 62. Rd4+ Kc2 63. f5 exf5 64. Rxd5 Rb4 1/2-1/2

[Event "Chigorin Memorial 26th"]
[Site "St Petersburg"]
[Date "2018.11.02"]
[Round "7"]
[White "Vasiliev, Georgiy"]
[Black "Vorobyova, Ekaterina"]
[Result "1-0"]
[WhiteElo "2124"]
[BlackElo "1874"]
[PlyCount "111"]
[EventDate "2018.10.27"]
[EventType "swiss"]
[EventRounds "9"]
[EventCountry "RUS"]
[SourceTitle "CBM 187 Extra"]
[Source "ChessBase"]
[SourceDate "2018.11.04"]
[SourceVersion "1"]
[SourceVersionDate "2018.11.04"]
[SourceQuality "1"]

1. c4 e5 2. Nc3 Nf6 3. Nf3 Nc6 4. e3 Bb4 5. Qc2 0-0 6. Nd5 Re8 7. Ng5 e4 8. Nxf6+ Qxf6 9. Nxe4 Qg6 10. f3 Be7 11. g3 Nb4 12. Qb3 a5 13. a3 a4 14. Qc3 d5 15. axb4 dxe4 16. f4 Bg4 17. Qc2 Bf3 18. Rg1 Qh5 19. h3 Ra6 20. c5 Rg6 21. d4 exd3 22. Bxd3 Rh6 23. Bf1 Rd8 24. Bd2 Qd5 25. Rxa4 Be4 26. Qc1 Rg6 27. b5 Qf5 28. Qc4 Bf3 29. Qc1 Bxc5 30. Kf2 Be4 31. Be2 Rgd6 32. Bc3 Bd5 33. Bg4 Qd3 34. Be2 Qg6 35. Be5 Bb6 36. Bxd6 Qxd6 37. Rd1 Qe6 38. Bg4 f5 39. Bf3 c6 40. bxc6 bxc6 41. Rb4 Rb8 42. Bxd5 cxd5 43. Rd3 Qh6 44. Kg2 Qd6 45. Rdb3 Kf7 46. Qc2 g6 47. Qd3 Qc6 48. Kh2 Qd6 49. h4 h6 50. Qa6 Qc5 51. Rxb6 Qc2+ 52. Kh3 Qe4 53. Rb7+ Rxb7 54. Rxb7+ Kf8 55. Qf6+ Ke8 56. Qh8# 1-0

[Event "Chigorin Memorial 26th"]
[Site "St Petersburg"]
[Date "2018.11.01"]
[Round "6"]
[White "Smirnov, Timofey"]
[Black "Vasiliev, Georgiy"]
[Result "1-0"]
[WhiteElo "2332"]
[BlackElo "2124"]
[PlyCount "65"]
[EventDate "2018.10.27"]
[EventType "swiss"]
[EventRounds "9"]
[EventCountry "RUS"]
[SourceTitle "CBM 187 Extra"]
[Source "ChessBase"]
[SourceDate "2018.11.04"]
[SourceVersion "1"]
[SourceVersionDate "2018.11.04"]
[SourceQuality "1"]

1. e4 c6 2. d4 d5 3. Nc3 dxe4 4. Nxe4 Bf5 5. Ng3 Bg6 6. Bc4 e6 7. N1e2 Bd6 8. Nf4 Bxf4 9. Bxf4 Nf6 10. 0-0 0-0 11. c3 Nbd7 12. Qb3 b5 13. Be2 Nb6 14. Bg5 h6 15. Bh4 Nbd5 16. Rfe1 a5 17. a4 Rb8 18. Bxf6 gxf6 19. axb5 Nf4 20. Bf1 cxb5 21. Ne4 b4 22. Qd1 bxc3 23. bxc3 f5 24. Nc5 Kh7 25. Qf3 Qd6 26. Re5 f6 27. Ree1 Bh5 28. Qe3 Rbe8 29. Rxa5 Rg8 30. Ra7+ Kh8 31. Rd7 Qb8 32. Na6 Qc8 33. Rc7 1-0

[Event "Chigorin Memorial 26th"]
[Site "St Petersburg"]
[Date "2018.10.28"]
[Round "2"]
[White "Kukhmazov, Arsen"]
[Black "Vasiliev, Georgiy"]
[Result "1-0"]
[WhiteElo "2395"]
[BlackElo "2124"]
[PlyCount "117"]
[EventDate "2018.10.27"]
[EventType "swiss"]
[EventRounds "9"]
[EventCountry "RUS"]
[SourceTitle "CBM 187 Extra"]
[Source "ChessBase"]
[SourceDate "2018.11.04"]
[SourceVersion "1"]
[SourceVersionDate "2018.11.04"]
[SourceQuality "1"]

1. d4 d5 2. c4 c6 3. Nf3 Nf6 4. Nc3 e6 5. Bg5 h6 6. Bxf6 Qxf6 7. e3 g6 8. Bd3 Bg7 9. 0-0 0-0 10. Ne5 Qe7 11. f4 dxc4 12. Bxc4 c5 13. Qe2 Nc6 14. Rfd1 Rd8 15. Nxc6 bxc6 16. dxc5 Rxd1+ 17. Rxd1 Qxc5 18. Rd8+ Kh7 19. Ne4 Qb6 20. Qd3 c5 21. Rd6 Qxb2 22. h4 Qc1+ 23. Kh2 Qe1 24. Ng3 h5 25. Qb3 Bf6 26. Rd1 Qb4 27. Qd3 Bxh4 28. Rb1 Qa4 29. Qe4 Bxg3+ 30. Kxg3 Ba6 31. Qxa8 Qxc4 32. Qf8 e5 33. Rb8 exf4+ 34. exf4 Qc3+ 35. Kh2 Bc4 36. Qxc5 h4 37. Qg5 Qg3+ 38. Qxg3 hxg3+ 39. Kxg3 Bxa2 40. Ra8 Bd5 41. Rxa7 Kh6 42. Ra5 Be4 43. Kh3 f6 44. g4 g5 45. f5 Bc2 46. Kg3 Kg7 47. Ra7+ Kf8 48. Rc7 Bd1 49. Rc1 Be2 50. Re1 Bc4 51. Kf3 Kg7 52. Re7+ Kh6 53. Re4 Bb3 54. Ke3 Kg7 55. Kd4 Bd1 56. Kc5 Bf3 57. Rd4 Kf7 58. Kd6 Be2 59. Ra4 1-0

[Event "Sochi Doroshkevich Amateur op"]
[Site "Sochi"]
[Date "2017.12.25"]
[Round "6"]
[White "Murzin, Volodar"]
[Black "Vasiliev, Georgiy"]
[Result "1-0"]
[WhiteElo "2281"]
[BlackElo "2135"]
[PlyCount "99"]
[EventDate "2017.12.21"]
[EventType "swiss"]
[EventRounds "9"]
[EventCountry "RUS"]
[SourceTitle "CBM 182 Extra"]
[Source "ChessBase"]
[SourceDate "2018.02.23"]
[SourceVersion "1"]
[SourceVersionDate "2018.02.23"]
[SourceQuality "1"]

1. e4 c5 2. Nf3 Nc6 3. g3 e6 4. Bg2 Nge7 5. 0-0 d6 6. c4 g6 7. d4 cxd4 8. Nxd4 a6 9. Nc3 Bg7 10. Be3 0-0 11. h3 Rb8 12. Rc1 b5 13. cxb5 axb5 14. Ndxb5 Bxc3 15. Nxc3 Ba6 16. Ne2 Rxb2 17. Rc2 Rxc2 18. Qxc2 Qa5 19. Rd1 Ne5 20. Qc3 Qxa2 21. Rxd6 f6 22. Nd4 Qb1+ 23. Qc1 Qxc1+ 24. Bxc1 Rc8 25. Be3 Bc4 26. Nxe6 Rc6 27. Rd8+ Kf7 28. Nd4 Ra6 29. Kh2 Ra2 30. Nf3 N5c6 31. Rd6 Rc2 32. Nd4 Nxd4 33. Bxd4 Be6 34. Rb6 Rc4 35. Be3 g5 36. Rb7 h6 37. Bf3 Kf8 38. Rb6 Rc6 39. Rb8+ Rc8 40. Rxc8+ Nxc8 41. Bc5+ Kg7 42. Bh5 f5 43. e5 Bd7 44. f4 Bc6 45. Kg1 Bd5 46. Be8 Be6 47. Kf2 g4 48. hxg4 fxg4 49. Bh5 Bf5 50. Ke3 1-0

[Event "Sochi Doroshkevich Amateur op"]
[Site "Sochi"]
[Date "2017.12.25"]
[Round "5"]
[White "Vasiliev, Georgiy"]
[Black "Savelenko, Arseny"]
[Result "1-0"]
[WhiteElo "2135"]
[BlackElo "1988"]
[PlyCount "93"]
[EventDate "2017.12.21"]
[EventType "swiss"]
[EventRounds "9"]
[EventCountry "RUS"]
[SourceTitle "CBM 182 Extra"]
[Source "ChessBase"]
[SourceDate "2018.02.23"]
[SourceVersion "1"]
[SourceVersionDate "2018.02.23"]
[SourceQuality "1"]

1. d4 g6 2. c4 Bg7 3. Nf3 Nf6 4. Nc3 0-0 5. e4 d6 6. Be2 Na6 7. Be3 Ng4 8. Bg5 h6 9. Bh4 g5 10. Bg3 e5 11. h3 exd4 12. Nxd4 Nf6 13. 0-0 Nc5 14. Bf3 Be6 15. b4 Ncd7 16. Nd5 Ne5 17. Bxe5 dxe5 18. Nb3 c6 19. Ne3 Qe7 20. a3 Rfd8 21. Qc2 Ne8 22. Bg4 Nd6 23. Rfd1 b5 24. Bxe6 fxe6 25. Na5 Qe8 26. c5 Nf7 27. Qe2 Rd4 28. Nc2 Rad8 29. Nxd4 exd4 30. Ra2 Ne5 31. Rad2 Ng6 32. Qh5 e5 33. Nb7 Rd7 34. Nd6 Qe6 35. g3 Kh7 36. Qg4 Nf8 37. Rd3 Qxg4 38. hxg4 Kg6 39. a4 a6 40. axb5 axb5 41. Ra1 Ne6 42. Ra6 Nd8 43. Nxb5 Rb7 44. Na7 Rxb4 45. Nxc6 Rb1+ 46. Kg2 Nxc6 47. Rxc6+ 1-0

[Event "Sochi Doroshkevich Amateur op"]
[Site "Sochi"]
[Date "2017.12.24"]
[Round "4"]
[White "Filipenko, Alexander V"]
[Black "Vasiliev, Georgiy"]
[Result "1-0"]
[WhiteElo "2291"]
[BlackElo "2135"]
[PlyCount "115"]
[EventDate "2017.12.21"]
[EventType "swiss"]
[EventRounds "9"]
[EventCountry "RUS"]
[SourceTitle "CBM 182 Extra"]
[Source "ChessBase"]
[SourceDate "2018.02.23"]
[SourceVersion "1"]
[SourceVersionDate "2018.02.23"]
[SourceQuality "1"]

1. e4 c5 2. Nf3 e6 3. d4 cxd4 4. Nxd4 a6 5. c4 Nf6 6. Nc3 Bb4 7. Qd3 d5 8. exd5 exd5 9. Be2 0-0 10. 0-0 Nc6 11. Nxc6 bxc6 12. cxd5 cxd5 13. Rd1 Be6 14. a3 Be7 15. b4 Qd7 16. Be3 Rac8 17. Bd4 Rc6 18. Qe3 Qc7 19. Be5 Qb7 20. Na4 Ne4 21. f3 Bg5 22. Qd3 Nd6 23. Nc5 Qa7 24. f4 Bh4 25. g3 Be7 26. Bd4 Qa8 27. g4 Qc8 28. f5 Bxf5 29. gxf5 Nxf5 30. Bf2 Rg6+ 31. Kh1 d4 32. Rg1 Bxc5 33. Rxg6 hxg6 34. Rc1 Ne3 35. Bxe3 Qa8+ 36. Kg1 Re8 37. Bf2 Bb6 38. Bf3 Qd8 39. Re1 Qg5+ 40. Kf1 Rxe1+ 41. Bxe1 Qf4 42. Kg2 Qc1 43. Bf2 Qg5+ 44. Bg3 a5 45. h4 Qd8 46. bxa5 Bxa5 47. Be2 Bc3 48. Qe4 Qd7 49. Bd3 f5 50. Bc4+ Kf8 51. Qd5 Qxd5+ 52. Bxd5 d3 53. Kf3 Bd4 54. Bc4 d2 55. Ke2 Bc5 56. a4 Bb4 57. Bf4 Be7 58. Bg5 1-0

[Event "EU-ch U12 24th"]
[Site "Batumi"]
[Date "2014.10.23"]
[Round "5"]
[White "Todashvili, Mate"]
[Black "Vasiliev, Georgiy"]
[Result "1-0"]
[WhiteElo "1557"]
[BlackElo "1848"]
[PlyCount "75"]
[EventDate "2014.10.19"]
[EventType "swiss"]
[EventRounds "9"]
[EventCountry "GEO"]
[SourceTitle "EXT 2016"]
[Source "ChessBase"]
[SourceDate "2015.10.08"]
[SourceVersion "1"]
[SourceVersionDate "2015.10.08"]
[SourceQuality "1"]

1. e4 c5 2. Nf3 Nc6 3. d4 cxd4 4. Nxd4 Nf6 5. Nc3 e5 6. Ndb5 d6 7. Nd5 Nxd5 8. exd5 Nb8 9. c3 Be7 10. Bd3 0-0 11. 0-0 f5 12. a4 Nd7 13. f3 Qb6+ 14. Kh1 Nf6 15. Re1 a5 16. Be3 Qd8 17. Qc2 g6 18. Qf2 Nd7 19. f4 e4 20. Bc2 b6 21. Nd4 Nb8 22. Bb3 Qe8 23. Nb5 Qd7 24. Bxb6 Bd8 25. Bxd8 Qxd8 26. Bc4 Na6 27. Nd4 Nc5 28. Qc2 Bd7 29. b4 axb4 30. cxb4 Nxa4 31. Ne6 Qb6 32. Nxf8 Kxf8 33. b5 Bxb5 34. Reb1 Qd4 35. Bxb5 Rb8 36. Qxa4 Qxd5 37. Qc4 Qd2 38. Qc7 1-0

[Event "EU-ch U12 24th"]
[Site "Batumi"]
[Date "2014.10.21"]
[Round "3"]
[White "Hajiyev, Eldar"]
[Black "Vasiliev, Georgiy"]
[Result "0-1"]
[WhiteElo "1520"]
[BlackElo "1848"]
[PlyCount "57"]
[EventDate "2014.10.19"]
[EventType "swiss"]
[EventRounds "9"]
[EventCountry "GEO"]
[SourceTitle "EXT 2016"]
[Source "ChessBase"]
[SourceDate "2015.10.08"]
[SourceVersion "1"]
[SourceVersionDate "2015.10.08"]
[SourceQuality "1"]

1. e4 c5 2. Nf3 Nc6 3. d4 cxd4 4. Nxd4 Nf6 5. Nc3 e5 6. Nxc6 bxc6 7. Bg5 Be7 8. Bc4 0-0 9. Bxf6 Bxf6 10. 0-0 Rb8 11. Bb3 Qe7 12. Qf3 d6 13. Rfd1 Be6 14. Qd3 Rfd8 15. Rab1 g6 16. Bxe6 fxe6 17. Qc4 Rdc8 18. Qe2 d5 19. Qg4 Rc7 20. Rd3 Rcb7 21. Nd1 Rb4 22. f3 Qc5+ 23. Ne3 Kf7 24. b3 d4 25. a3 R4b7 26. Nc4 a5 27. h4 a4 28. g3 axb3 29. cxb3 0-1

[Event "Golubitskaya op"]
[Site "Golubitskaya"]
[Date "2014.06.29"]
[Round "8"]
[White "Airapetian, Valentin"]
[Black "Vasiliev, Georgiy"]
[Result "0-1"]
[WhiteElo "1814"]
[BlackElo "1750"]
[PlyCount "88"]
[EventDate "2014.06.21"]
[EventType "swiss"]
[EventRounds "9"]
[EventCountry "RUS"]
[SourceTitle "EXT 2015"]
[Source "ChessBase"]
[SourceDate "2014.11.20"]
[SourceVersion "1"]
[SourceVersionDate "2014.11.20"]
[SourceQuality "1"]

1. e4 c5 2. Nf3 Nc6 3. d4 cxd4 4. Nxd4 Nf6 5. Nc3 e5 6. Ndb5 d6 7. a4 a6 8. Na3 Be6 9. Be2 Be7 10. Be3 Rc8 11. f3 0-0 12. 0-0 d5 13. exd5 Nxd5 14. Nxd5 Qxd5 15. Qxd5 Bxd5 16. Rfd1 Be6 17. Bb6 Nb4 18. c4 Bd8 19. Bxd8 Rfxd8 20. Kf2 Kf8 21. b3 Ke7 22. Ke3 f5 23. g3 g5 24. g4 f4+ 25. Kf2 Bf7 26. Rxd8 Rxd8 27. Rd1 Rxd1 28. Bxd1 Bg6 29. Ke2 Kd6 30. Kd2 Kc5 31. Kc3 Bd3 32. a5 h6 33. h3 e4 34. fxe4 Bxe4 35. Be2 Bg2 36. Bd3 Nxd3 37. Kxd3 Bxh3 38. Nc2 Bxg4 39. b4+ Kd6 40. Ke4 h5 41. b5 Kc5 42. Na3 h4 43. bxa6 bxa6 44. Nb5 axb5 0-1

[Event "Golubitskaya op"]
[Site "Golubitskaya"]
[Date "2014.06.26"]
[Round "6"]
[White "Fomichev, Sergey"]
[Black "Vasiliev, Georgiy"]
[Result "1-0"]
[WhiteElo "2006"]
[BlackElo "1750"]
[PlyCount "91"]
[EventDate "2014.06.21"]
[EventType "swiss"]
[EventRounds "9"]
[EventCountry "RUS"]
[SourceTitle "EXT 2015"]
[Source "ChessBase"]
[SourceDate "2014.11.20"]
[SourceVersion "1"]
[SourceVersionDate "2014.11.20"]
[SourceQuality "1"]

1. Nf3 d5 2. d4 Nf6 3. Bf4 e6 4. e3 Bd6 5. Ne5 0-0 6. Bd3 c5 7. c3 h6 8. Nd2 Nc6 9. Ndf3 Qc7 10. Nxc6 bxc6 11. Ne5 Nd7 12. Qh5 Nf6 13. Qf3 Ne8 14. Qg3 cxd4 15. cxd4 Kh8 16. h4 Bxe5 17. Bxe5 Qa5+ 18. Ke2 Ba6 19. Bxa6 Qxa6+ 20. Kf3 f6 21. Bd6 Rf7 22. Bc5 e5 23. Qg6 Qb7 24. g3 Qd7 25. Rhc1 Nc7 26. Rc2 Ne6 27. Kg2 e4 28. Rac1 Rc8 29. Ba3 Nf8 30. Qh5 Kh7 31. Bxf8 Rfxf8 32. Qe2 Rc7 33. b4 Rfc8 34. Rc5 Rb7 35. a3 Rb6 36. Ra5 Qb7 37. Rcc5 a6 38. Qc2 Rc7 39. Qa4 Rc8 40. Rc1 Rc7 41. Rac5 Qc8 42. Qd1 Qd7 43. Qe2 Qc8 44. Ra5 Ra7 45. Qc2 Qe6 46. Rc5 1-0